Normal view MARC view
  • Oswaal

Entry Personal Name

Number of records used in: 54

001 - CONTROL NUMBER

  • control field: 7599

003 - CONTROL NUMBER IDENTIFIER

  • control field: OSt

005 - DATE AND TIME OF LATEST TRANSACTION

  • control field: 20221031084534.0

008 - FIXED-LENGTH DATA ELEMENTS

  • fixed length control field: 221031|| aca||aabn | a|a d

040 ## - CATALOGING SOURCE

  • Original cataloging agency: OSt
  • Transcribing agency: OSt

100 ## - HEADING--PERSONAL NAME

  • Personal name: Oswaal

670 ## - SOURCE DATA FOUND

  • Source citation: Work cat.: (OSt)12099: Oswaal, CBSE OSWAAL ( SOCIAL SCIENCE)-10, 2022-2023

Powered by Koha